000 00470nam a2200121Ia 4500
008 220620s9999||||xx |||||||||||||| ||und||
100 _aBasel I. Ismail
245 0 _aRenewable Geothermal Energy Explorations
546 _aEnglish[eng]
650 _aPhysical Sciences||Engineering and Technology||Earth and Planetary Sciences||Geothermal Energy||Geology and Geophysics
856 _uhttps://www.intechopen.com/books/renewable-geothermal-energy-explorations
942 _cEB
999 _c23508
_d23508